| 000 | 00657nam a2200217 a 4500 | ||
|---|---|---|---|
| 001 | 000017320 | ||
| 003 | DO-SdBNP | ||
| 005 | 20240530073918.0 | ||
| 008 | 100322s2000 dr 000 f spa d | ||
| 040 |
_aDO-SdBNP _bspa _cBNPHU |
||
| 082 |
_a863.44 _bS583c |
||
| 100 | 1 |
_aSilié Gatón, Domingo, _917549 |
|
| 245 | 1 | 0 |
_aCanisabaná : _bla india que amó a Colón / _cDomingo Silié Gatón. |
| 260 |
_aSanto Domingo : _bEspress, _c[200-?]. |
||
| 300 |
_a78 p. ; _c21 cm. |
||
| 590 | _aInventariado, 2019/LP | ||
| 650 | 0 |
_aNovela dominicana _9223 |
|
| 650 | 0 |
_aLiteratura dominicana. _967 |
|
| 910 | _aValidado. Control de calidad MFF | ||
| 942 |
_2ddc _cLBS1 |
||
| 999 |
_c16845 _d16845 |
||